Die Tierwelt der Nord- und Ostsee.

Bibliographic Details
Other Authors: Grimpe, Georg, 1889-1936, Wagler, Erich, 1884-, Remane, A.
Format: Serial
Language:German
Published: Leipzig : Becker & Erler.
Subjects:

MARC

Tag First Indicator Second Indicator Subfields
LEADER 00000cas a2200000 4500
001 in00000036425
005 20151007060850.0
008 800626c19259999gw uu 0uuub0ger d
035 |a (OCoLC)06465052 
035 |9 AAD0415AM 
040 |a TXA  |c TXA  |d UtOrBLW 
049 |a TXAE  |v 34  |y 1940 [243403] 
092 |a 591.921  |b T564 
245 0 4 |a Die Tierwelt der Nord- und Ostsee. 
264 1 |a Leipzig :  |b Becker & Erler. 
300 |a  volumes :  |b illustrations 
336 |a text  |b txt  |2 rdacontent 
337 |a unmediated  |b n  |2 rdamedia 
338 |a volume  |b nc  |2 rdacarrier 
362 0 |a Lfg. 1- 1925- 
500 |a "Gegrundet von G. Grimpe und E. Wagler ... fortgesetzt von A. Remane." 
650 0 |a Marine animals  |z North Sea. 
650 0 |a Marine animals  |z Baltic Sea. 
700 1 |a Grimpe, Georg,  |d 1889-1936. 
700 1 |a Wagler, Erich,  |d 1884- 
700 1 |a Remane, A. 
999 |a MARS 
999 f f |s 62122cad-120e-35b5-9a86-e75a31db2ce1  |i 6732626a-e993-3405-83f9-ac4bf598220d  |t 0 
952 f f |p ric  |a Texas A&M University  |b Rellis Campus  |c Joint Library Facility  |d Remote Storage  |t 0  |e QL128 .T54  |h Library of Congress classification  |i unmediated -- volume  |k Lfg.21-25  |l 1932-1933  |m A14833450100 
952 f f |p ric  |a Texas A&M University  |b Rellis Campus  |c Joint Library Facility  |d Remote Storage  |t 0  |e QL128 .T54  |h Library of Congress classification  |i unmediated -- volume  |k Lfg.1-5  |l 1925-1926  |m A14833450265 
952 f f |p ric  |a Texas A&M University  |b Rellis Campus  |c Joint Library Facility  |d Remote Storage  |t 0  |e QL128 .T54  |h Library of Congress classification  |i unmediated -- volume  |k Lfg. 26-29  |m A14833450061 
952 f f |p ric  |a Texas A&M University  |b Rellis Campus  |c Joint Library Facility  |d Remote Storage  |t 0  |e QL128 .T54  |h Library of Congress classification  |i unmediated -- volume  |k Lfg.6-10  |l 1926-1927  |m A14833450223 
952 f f |p ric  |a Texas A&M University  |b Rellis Campus  |c Joint Library Facility  |d Remote Storage  |t 0  |e QL128 .T54  |h Library of Congress classification  |i unmediated -- volume  |k Lfg.31-33  |m A14833450029 
952 f f |p ric  |a Texas A&M University  |b Rellis Campus  |c Joint Library Facility  |d Remote Storage  |t 0  |e QL128 .T54  |h Library of Congress classification  |i unmediated -- volume  |k Lfg.16-20  |l 1929-1931  |m A14833450142 
952 f f |p ric  |a Texas A&M University  |b Rellis Campus  |c Joint Library Facility  |d Remote Storage  |t 0  |e QL128 .T54  |h Library of Congress classification  |i unmediated -- volume  |k Lfg.34-35  |l 1940-1944  |m A14833449989 
952 f f |p ric  |a Texas A&M University  |b Rellis Campus  |c Joint Library Facility  |d Remote Storage  |t 0  |e QL128 .T54  |h Library of Congress classification  |i unmediated -- volume  |k Lfg.11-15  |l 1928-1929  |m A14833450184 
998 f f |a QL128 .T54  |s Lfg.1-35 (1925-1944)  |t 0  |l Remote Storage